000
00312nam a22001457a 4500
003
SGT
020
_a
9788171641871
082
_a
635
_b
CHA
100
_a
CHADHA, DR. K.L.
245
_a
HANDBOOK OF HORTICULTURE
260
_a
INDIA
_b
ICAR
_c
2022
300
_a
170
650
_a
HORTICULTURE
942
_2
ddc
_c
BK
_0
8
999
_c
25844
_d
25844